Descripción geográfica de los reinos de Nueva Galicia, Nueva Vizcaya y Nuevo León /
Esta obra fue escrita a principios del siglo XVII, y la mayor parte de los datos que ofrece fueron el producto de la observación directa del autor de esas regiones. De esta manera su importancia histórica es de muy alto valor, pues da a conocer la extensión que alcanzaba a fines de su primer siglo d...
Đã lưu trong:
| Tác giả chính: | |
|---|---|
| Tác giả khác: | |
| Định dạng: | Sách |
| Ngôn ngữ: | Tiếng Tây Ban Nha |
| Được phát hành: |
México :
Pedro Robredo,
1940, c1940
|
| Phiên bản: | 2a edición |
| Những chủ đề: | |
| Các nhãn: |
Không có thẻ, Là người đầu tiên thẻ bản ghi này!
|
MARC
| LEADER | 00000nam^a2200000^a^4500 | ||
|---|---|---|---|
| 001 | 000103991 | ||
| 005 | 20250521000000.0 | ||
| 009 | 20260310093407.229 | ||
| 037 | |a Acervo ITESO - Biblioteca | ||
| 041 | |a ESP | ||
| 082 | |a 972. 03 |b MOT | ||
| 100 | |a Mota y Escobar, Alonso de la |e (autor) | ||
| 245 | 1 | 0 | |a Descripción geográfica de los reinos de Nueva Galicia, Nueva Vizcaya y Nuevo León / |c A. de la Mota y Escobar ; introd. de J. Ramírez Cabañas. |
| 250 | |a 2a edición | ||
| 264 | 4 | |a México : |b Pedro Robredo, |c 1940, c1940 | |
| 300 | |a 239 p. | ||
| 336 | |a texto |b txt |2 rdacontenido | ||
| 337 | |a sin mediación |b n |2 rdamedio | ||
| 338 | |a volumen |b nc |2 rdasoporte | ||
| 520 | |a Esta obra fue escrita a principios del siglo XVII, y la mayor parte de los datos que ofrece fueron el producto de la observación directa del autor de esas regiones. De esta manera su importancia histórica es de muy alto valor, pues da a conocer la extensión que alcanzaba a fines de su primer siglo de establecimiento, la colonia española en México. | ||
| 649 | |a XX | ||
| 650 | |a México - |x Descripción | ||
| 650 | |a Libros de Viajes - |z México | ||
| 650 | |a Viajes y Travesías - |z México | ||
| 650 | |a México - |x Historia - |y Virreinato, 1535-1821 | ||
| 650 | |a México - |x Historia - |y Epoca Colonial, 1517-1821 | ||
| 700 | |a Ramírez Cabañas, Joaquín |e (introducción) | ||
| 910 | |a Fondo Jesús Rodríguez | ||
| 920 | |a Impresos - Libros | ||
| 930 | |a Fondos Especiales | ||
| 905 | |a 113 | ||
| 901 | |a 0500040158 |b IT2 |c ESP |u 20250521 | ||
| 902 | |a https://opac.biblio.iteso.mx/vufind/Record/000103991 | ||